[Event "Aeroflot Open"]
[Site "Moscow RUS"]
[Date "2008.02.22"]
[Round "9"]
[White "Naiditsch, A."]
[Black "Pashikian, A."]
[Result "1/2-1/2"]
[WhiteElo "2638"]
[BlackElo "2556"]
[PlyCount "94"]
[EventDate "2008.02.14"]
[SourceDate "1999.07.01"]

1. e4 c5 2. Nf3 d6 3. Nc3 a6 4. d4 cxd4 5. Nxd4 Nf6 6. Be3 e5 7. Nb3 Be7 8. Be2
Be6 9. O-O O-O 10. Qd2 Nbd7 11. a4 Rc8 12. Rfd1 Qc7 13. a5 Rfd8 14. Qe1 Nc5 15.
Nxc5 dxc5 16. Rxd8+ Rxd8 17. f3 c4 18. Na4 Nd7 19. h3 Qc6 20. Kh2 Kf8 21. Bd2
Nc5 22. Nb6 Nd7 23. Be3 Nxb6 24. Bxb6 Rc8 25. Rd1 h6 26. Qc3 f6 27. g3 Qa4 28.
Qd2 Bb4 29. c3 Bxa5 30. Bxa5 Qxa5 31. Qd6+ Kf7 32. f4 exf4 33. Rd5 Qc7 34. Bh5+
g6 35. Bxg6+ Kxg6 36. Qxe6 fxg3+ 37. Kg2 Rd8 38. h4 Rxd5 39. exd5 Qe5 40. Qg4+
Kf7 41. Qxc4 b5 42. Qd3 h5 43. d6 Qf4 44. Qh7+ Ke6 45. Qe7+ Kf5 46. Qd7+ Kg6
47. Qe8+ Kg7 1/2-1/2

[Event "XXIV Open"]
[Site "Cappelle La Grande FRA"]
[Date "2008.02.19"]
[Round "5"]
[White "Kryvoruchko, Y."]
[Black "Aveskulov, V."]
[Result "1-0"]
[WhiteElo "2597"]
[BlackElo "2532"]
[PlyCount "87"]
[EventDate "2008.02.16"]
[SourceDate "1999.07.01"]

1. e4 c5 2. Nf3 d6 3. d4 Nf6 4. Nc3 cxd4 5. Nxd4 a6 6. f3 e5 7. Nb3 Be6 8. Be3
h5 9. Nd5 Bxd5 10. exd5 Nbd7 11. Qd2 Qc7 12. O-O-O Rc8 13. Kb1 g6 14. c4 Bg7
15. Be2 b6 16. h4 Nc5 17. g4 Ra8 18. Qc2 Qc8 19. Rdg1 Ra7 20. Nd2 Kf8 21. Ne4
hxg4 22. Nxc5 bxc5 23. fxg4 Ng8 24. Rf1 e4 25. Qxe4 Re7 26. Qd3 Qe8 27. Bf4 Be5
28. Bc1 Bd4 29. Bd1 Nf6 30. Qf3 Nd7 31. Ba4 Ne5 32. Qf6 Nxc4 33. Qxh8+ Bxh8 34.
Bxe8 Rxe8 35. b3 Ne3 36. Bxe3 Rxe3 37. Rh2 Bd4 38. Rhf2 Re7 39. Rf3 Kg7 40. g5
Be5 41. Re1 Rb7 42. Re4 Bd4 43. Re8 c4 44. Re4 1-0

[Event "1st Pfalz Open"]
[Site "Neustadt a.d. Weinstrasse GER"]
[Date "2008.02.23"]
[Round "9"]
[White "Haba, P."]
[Black "Kempinski, R."]
[Result "0-1"]
[WhiteElo "2536"]
[BlackElo "2590"]
[PlyCount "66"]
[EventDate "2008.02.16"]
[SourceDate "1999.07.01"]

1. e4 c5 2. Nf3 d6 3. d4 cxd4 4. Nxd4 Nf6 5. Nc3 a6 6. Be2 e6 7. f4 Be7 8. O-O
O-O 9. Be3 Nc6 10. Kh1 Qc7 11. Qe1 Na5 12. Qg3 Nc4 13. Bc1 b5 14. e5 Ne8 15. b3
Nb6 16. Bd3 dxe5 17. fxe5 f5 18. Bb2 g6 19. a4 bxa4 20. Nxa4 Ng7 21. Qe3 Nd5
22. Qh6 Rd8 23. Nf3 Nh5 24. Ba3 Bxa3 25. Rxa3 Ndf4 26. Bc4 Bb7 27. Raa1 Rd2 28.
Rad1 Rxg2 29. Bxe6+ Nxe6 30. Kxg2 Nef4+ 31. Kf2 Bxf3 32. Kxf3 Qxc2 33. Rde1 Rd8
0-1

[Event "Aeroflot Open"]
[Site "Moscow RUS"]
[Date "2008.02.14"]
[Round "1"]
[White "Naiditsch, A."]
[Black "Brkic, A."]
[Result "1-0"]
[WhiteElo "2638"]
[BlackElo "2558"]
[PlyCount "63"]
[EventDate "2008.02.14"]
[SourceDate "1999.07.01"]

1. e4 c5 2. Nf3 d6 3. d4 cxd4 4. Nxd4 Nf6 5. Nc3 a6 6. Be3 e5 7. Nf3 Be7 8. Bc4
O-O 9. O-O Be6 10. Bb3 Nc6 11. Bg5 Nd7 12. Bxe7 Qxe7 13. Nd5 Qd8 14. Qe2 Nc5
15. Rad1 Rc8 16. h3 Qa5 17. c3 b5 18. Nh4 Kh8 19. Nf5 Rcd8 20. Qg4 Bxf5 21.
exf5 Nxb3 22. axb3 Qa2 23. f6 Rg8 24. Ne7 Nxe7 25. fxe7 Rde8 26. Qd7 Qxb2 27.
Rxd6 f6 28. c4 bxc4 29. bxc4 Qb4 30. Qc7 g6 31. c5 Qb8 32. Qd7 1-0

[Event "Aeroflot Open"]
[Site "Moscow RUS"]
[Date "2008.02.15"]
[Round "2"]
[White "Grigoriants, S RUS."]
[Black "Najer, E."]
[Result "1/2-1/2"]
[WhiteElo "2583"]
[BlackElo "2634"]
[PlyCount "39"]
[EventDate "2008.02.14"]
[SourceDate "1999.07.01"]

1. Nf3 c5 2. e4 d6 3. d4 cxd4 4. Nxd4 Nf6 5. Nc3 a6 6. g3 e5 7. Nde2 Nbd7 8. a4
b6 9. Bg2 Bb7 10. Bg5 Be7 11. O-O O-O 12. Bxf6 Nxf6 13. Qd3 Rc8 14. Rfd1 Rc7
15. Rd2 Qa8 16. Qe3 h5 17. Nd5 Nxd5 18. exd5 Bd8 19. f4 exf4 20. Qxf4 1/2-1/2

[Event "Aeroflot Open"]
[Site "Moscow RUS"]
[Date "2008.02.15"]
[Round "2"]
[White "Chuprov, D."]
[Black "Andriasian, Z."]
[Result "1/2-1/2"]
[WhiteElo "2596"]
[BlackElo "2532"]
[PlyCount "120"]
[EventDate "2008.02.14"]
[SourceDate "1999.07.01"]

1. e4 c5 2. Nf3 d6 3. d4 cxd4 4. Nxd4 Nf6 5. Nc3 a6 6. Bc4 e6 7. Bb3 Be7 8. g4
h6 9. Be3 Nc6 10. Rg1 Qc7 11. Qe2 b5 12. O-O-O Bb7 13. f3 Na5 14. h4 Nxb3+ 15.
axb3 g6 16. h5 e5 17. hxg6 exd4 18. g7 Rg8 19. Bxd4 O-O-O 20. Qe3 Nd7 21. Qxh6
Nc5 22. Kb1 Ne6 23. f4 Nxd4 24. Rxd4 Kb8 25. Rgd1 f6 26. b4 Rde8 27. f5 Ka8 28.
R1d3 Rd8 29. Nd5 Bxd5 30. exd5 Rde8 31. Rc3 Qd7 32. Re4 Bd8 33. Re6 Kb7 34. Qe3
Rxe6 35. dxe6 Qxg7 36. Qe4+ Ka7 37. e7 Qxe7 38. Qxe7+ Bxe7 39. Rc7+ Kb6 40.
Rxe7 Rxg4 41. Re6 Kc6 42. c3 Kd5 43. Rxf6 Rf4 44. Rf8 Ke5 45. Ra8 Rxf5 46. Rxa6
Ke6 47. Ra7 Kd5 48. Rc7 Rf8 49. Kc2 Rh8 50. Kb3 Rb8 51. c4+ bxc4+ 52. Rxc4 Ke5
53. Ka4 d5 54. Rc6 d4 55. Kb3 Kd5 56. Rc5+ Ke4 57. b5 d3 58. Kc3 Rd8 59. Kd2
Kd4 60. Rc3 Rh8 1/2-1/2

[Event "Aeroflot Open"]
[Site "Moscow RUS"]
[Date "2008.02.16"]
[Round "3"]
[White "Asrian, K."]
[Black "Shomoev, A."]
[Result "1/2-1/2"]
[WhiteElo "2621"]
[BlackElo "2562"]
[PlyCount "194"]
[EventDate "2008.02.14"]
[SourceDate "1999.07.01"]

1. e4 c5 2. Nf3 d6 3. d4 cxd4 4. Nxd4 Nf6 5. Nc3 a6 6. Be2 e6 7. a4 Nc6 8. Be3
Be7 9. O-O O-O 10. f4 Qc7 11. Kh1 Re8 12. Bg1 Nxd4 13. Qxd4 e5 14. Qd3 exf4 15.
Rxf4 d5 16. Raf1 dxe4 17. Nxe4 Nxe4 18. Rxe4 Be6 19. Bg4 Bf6 20. Bxe6 Rxe6 21.
Rxe6 fxe6 22. Qe4 Qc6 23. Qxc6 bxc6 24. b3 Rd8 25. Be3 Rd5 26. Kg1 Kf7 27. Kf2
Ke8 28. Ke2 Be7 29. Rd1 Kd7 30. Rd3 e5 31. c4 Rxd3 32. Kxd3 Bb4 33. Bc1 Ke6 34.
Ke4 Bd6 35. Bd2 c5 36. Bc3 h5 37. h3 g6 38. g4 hxg4 39. hxg4 Bc7 40. b4 cxb4
41. Bxb4 Bb8 42. Bc3 Bd6 43. Ba1 Bb8 44. Bb2 Bd6 45. Bc3 Bb8 46. c5 Bc7 47. Bb2
Bb8 48. Ba3 Bc7 49. Bb4 Bd8 50. Bc3 Bc7 51. c6 a5 52. Bb2 Bb8 53. Ba3 Bc7 54.
Bf8 Bd8 55. Ba3 Bc7 56. Bb2 Bb8 57. Bc3 Bc7 58. g5 Bd8 59. Bxe5 Bxg5 60. Bc7
Bf6 61. Bxa5 Kd6 62. c7 Kd7 63. Bb6 Bh4 64. a5 Bf2 65. Kd5 g5 66. Kc4 g4 67.
Kb5 g3 68. a6 g2 69. a7 g1=Q 70. c8=Q+ Kxc8 71. a8=Q+ Kd7 72. Qd5+ Ke7 73. Qe5+
Kf7 74. Qf5+ Kg8 75. Bxf2 Qg7 76. Bc5 Qb7+ 77. Ka5 Qa8+ 78. Kb4 Qb7+ 79. Kc3
Qg7+ 80. Kd2 Qb2+ 81. Ke3 Qc3+ 82. Kf4 Qc1+ 83. Kg4 Qd1+ 84. Kg3 Qb3+ 85. Kh4
Qf7 86. Qg5+ Qg7 87. Qd8+ Kh7 88. Be3 Qf7 89. Qg5 Qg6 90. Qf4 Qe6 91. Kg3 Qg6+
92. Kf2 Qc2+ 93. Bd2 Qc5+ 94. Kg2 Qd5+ 95. Kg3 Qd3+ 96. Kf2 Qg6 97. Qh4+ Kg8
1/2-1/2

[Event "Aeroflot Open"]
[Site "Moscow RUS"]
[Date "2008.02.16"]
[Round "3"]
[White "Azarov, S."]
[Black "Brkic, A."]
[Result "1/2-1/2"]
[WhiteElo "2594"]
[BlackElo "2558"]
[PlyCount "37"]
[EventDate "2008.02.14"]
[SourceDate "1999.07.01"]

1. e4 c5 2. Nf3 d6 3. d4 cxd4 4. Nxd4 Nf6 5. Nc3 a6 6. Be2 e6 7. O-O Be7 8. f4
O-O 9. Kh1 Qc7 10. Be3 b5 11. e5 dxe5 12. fxe5 Nfd7 13. Bf3 Bb7 14. Bf4 Nc6 15.
Nxc6 Bxc6 16. Qe2 b4 17. Bxc6 Qxc6 18. Ne4 Nb6 19. c3 1/2-1/2

[Event "Aeroflot Open"]
[Site "Moscow RUS"]
[Date "2008.02.16"]
[Round "3"]
[White "Ionov, S."]
[Black "Vachier Lagrave, M."]
[Result "0-1"]
[WhiteElo "2546"]
[BlackElo "2637"]
[PlyCount "86"]
[EventDate "2008.02.14"]
[SourceDate "1999.07.01"]

1. e4 c5 2. Nf3 d6 3. d4 cxd4 4. Nxd4 Nf6 5. Nc3 a6 6. Be3 e6 7. g4 e5 8. Nf5
h5 9. gxh5 d5 10. f4 Bb4 11. Bg2 Bxf5 12. exf5 e4 13. O-O Nc6 14. a3 Bxc3 15.
bxc3 Qd7 16. Rb1 O-O-O 17. Qe2 Qxf5 18. Rb6 Qxh5 19. Rxc6+ bxc6 20. Qxa6+ Kd7
21. h3 Ke8 22. Bb6 Nd7 23. Bxd8 Kxd8 24. Qxc6 Rh6 25. Qa8+ Ke7 26. c4 Rd6 27.
cxd5 f5 28. Qa5 Qe2 29. Qc3 Kf7 30. Re1 Qb5 31. Bf1 Qb8 32. Qe3 Nf6 33. Be2
Nxd5 34. Bc4 Kf8 35. Qc5 Ne7 36. Kh1 Rd2 37. Qe5 Qxe5 38. fxe5 Rxc2 39. Bb3 Rc3
40. Rb1 Nc6 41. e6 Ke7 42. a4 Nd4 43. Bd5 Nxe6 0-1

[Event "Aeroflot Open"]
[Site "Moscow RUS"]
[Date "2008.02.17"]
[Round "4"]
[White "Motylev, A."]
[Black "Nepomniachtchi, I."]
[Result "1/2-1/2"]
[WhiteElo "2644"]
[BlackElo "2600"]
[PlyCount "33"]
[EventDate "2008.02.14"]
[SourceDate "1999.07.01"]

1. e4 c5 2. Nf3 d6 3. d4 cxd4 4. Nxd4 Nf6 5. Nc3 a6 6. Be3 e5 7. Nf3 Be7 8. Bc4
O-O 9. O-O Nc6 10. Re1 b5 11. Bf1 Rb8 12. Bg5 Ng4 13. Bc1 Nf6 14. Bg5 Ng4 15.
Bc1 Nf6 16. a3 h6 17. h3 1/2-1/2

[Event "Aeroflot Open"]
[Site "Moscow RUS"]
[Date "2008.02.17"]
[Round "4"]
[White "Smirnov, P."]
[Black "Zhigalko, A."]
[Result "1-0"]
[WhiteElo "2599"]
[BlackElo "2556"]
[PlyCount "83"]
[EventDate "2008.02.14"]
[SourceDate "1999.07.01"]

1. e4 c5 2. Nf3 d6 3. d4 cxd4 4. Nxd4 Nf6 5. Nc3 a6 6. Be3 e5 7. Nb3 Be6 8. f3
Nbd7 9. g4 h6 10. Qd2 Qc7 11. O-O-O b5 12. Kb1 Nb6 13. Bxb6 Qxb6 14. Nd5 Bxd5
15. exd5 g6 16. h4 Bg7 17. Na5 Rc8 18. c4 bxc4 19. Nxc4 Qb8 20. Qa5 O-O 21. Qb6
Qxb6 22. Nxb6 Rb8 23. Nc4 e4 24. g5 hxg5 25. hxg5 Nh7 26. f4 f6 27. Bh3 fxg5
28. Be6+ Kh8 29. Rxh7+ Kxh7 30. Rh1+ Bh6 31. fxg5 Rf2 32. b3 Rbf8 33. Rxh6+ Kg7
34. Rh1 Rg2 35. Nxd6 e3 36. Re1 Rff2 37. Nc4 Rxa2 38. d6 Kf8 39. d7 Ke7 40. Bg4
Rxg4 41. Rxe3+ Kxd7 42. Ne5+ 1-0

[Event "Aeroflot Open"]
[Site "Moscow RUS"]
[Date "2008.02.18"]
[Round "5"]
[White "Predojevic, B."]
[Black "Brkic, A."]
[Result "1-0"]
[WhiteElo "2641"]
[BlackElo "2558"]
[PlyCount "103"]
[EventDate "2008.02.14"]
[SourceDate "1999.07.01"]

1. e4 c5 2. Nf3 d6 3. d4 cxd4 4. Nxd4 Nf6 5. Nc3 a6 6. Be3 e5 7. Nf3 Be7 8. Bc4
O-O 9. O-O Be6 10. Bb3 Nc6 11. Bg5 Nd7 12. Bxe7 Qxe7 13. Nd5 Qd8 14. Qe2 Nc5
15. Rad1 Kh8 16. h3 f5 17. Nc3 Qe7 18. Rfe1 Rae8 19. Bxe6 Qxe6 20. exf5 Rxf5
21. Ne4 Nxe4 22. Qxe4 Ref8 23. Qd5 Qc8 24. Qxd6 Rxf3 25. gxf3 Nd4 26. Rxd4 exd4
27. Qxd4 Qxc2 28. Kg2 h6 29. Re4 Rf6 30. Rg4 Qc6 31. Rg3 Qc7 32. a3 Qe7 33. Rg4
Qc7 34. h4 Qf7 35. Qd8+ Kh7 36. Qd3+ Kh8 37. a4 Qe8 38. Qd5 Qf7 39. Qd8+ Kh7
40. Qd3+ Kh8 41. b3 Qh5 42. Qd7 Rf7 43. Qe6 Kh7 44. Qe4+ Kh8 45. Rg6 Rf8 46.
Re6 Rd8 47. b4 Rf8 48. a5 Rf5 49. Rb6 Re5 50. Qxb7 Kh7 51. Qxa6 Qf5 52. Qc4 1-0

[Event "Aeroflot Open"]
[Site "Moscow RUS"]
[Date "2008.02.18"]
[Round "5"]
[White "Azarov, S."]
[Black "Hou Yifan"]
[Result "1/2-1/2"]
[WhiteElo "2594"]
[BlackElo "2527"]
[PlyCount "56"]
[EventDate "2008.02.14"]
[SourceDate "1999.07.01"]

1. e4 c5 2. Nf3 d6 3. d4 cxd4 4. Nxd4 Nf6 5. Nc3 a6 6. Be2 e6 7. O-O Be7 8. f4
Qc7 9. Kh1 O-O 10. Qe1 b5 11. Bf3 Bb7 12. e5 Ne8 13. a3 Nd7 14. Qg3 Nb6 15.
Bxb7 Qxb7 16. b3 g6 17. f5 dxe5 18. fxg6 fxg6 19. Rxf8+ Bxf8 20. Qxe5 Nc7 21.
Bb2 Bg7 22. Qd6 Re8 23. Rf1 Nc8 24. Qd7 Re7 25. Qd8+ Re8 26. Qd7 Re7 27. Qd8+
Re8 28. Qd7 Re7 1/2-1/2

[Event "Aeroflot Open"]
[Site "Moscow RUS"]
[Date "2008.02.18"]
[Round "5"]
[White "Khairullin, I."]
[Black "Vachier Lagrave, M."]
[Result "1/2-1/2"]
[WhiteElo "2544"]
[BlackElo "2637"]
[PlyCount "77"]
[EventDate "2008.02.14"]
[SourceDate "1999.07.01"]

1. e4 c5 2. Nf3 d6 3. d4 cxd4 4. Nxd4 Nf6 5. Nc3 a6 6. Be3 e6 7. g4 e5 8. Nf5
h5 9. g5 Nxe4 10. Nxg7+ Bxg7 11. Nxe4 d5 12. Ng3 d4 13. Bd2 Nc6 14. h4 Qd5 15.
f3 Be6 16. Bd3 O-O-O 17. Qe2 Kb8 18. a3 Ne7 19. Qe4 Qd7 20. O-O-O Ng6 21. Nf5
Bf8 22. Be1 Bd5 23. Qe2 Qa4 24. Bg3 Bxa3 25. bxa3 Qxa3+ 26. Kd2 Qa5+ 27. Kc1
Rhe8 28. Ng7 Re7 29. Nxh5 Re6 30. Nf6 Qa1+ 31. Kd2 Qc3+ 32. Kc1 Rb6 33. Be1
Qa3+ 34. Kd2 Ka7 35. Nxd5 Qa5+ 36. Kc1 Qa1+ 37. Kd2 Qa5+ 38. Kc1 Qa3+ 39. Kd2
1/2-1/2

[Event "Aeroflot Open"]
[Site "Moscow RUS"]
[Date "2008.02.18"]
[Round "5"]
[White "Andriasian, Z."]
[Black "Parligras, M."]
[Result "0-1"]
[WhiteElo "2532"]
[BlackElo "2574"]
[PlyCount "130"]
[EventDate "2008.02.14"]
[SourceDate "1999.07.01"]

1. e4 c5 2. Nf3 d6 3. d4 cxd4 4. Nxd4 Nf6 5. Nc3 a6 6. Bg5 e6 7. f4 Qc7 8. Bxf6
gxf6 9. Qf3 b5 10. O-O-O Nd7 11. Bd3 Bb7 12. f5 Nc5 13. fxe6 fxe6 14. Qxf6 Qg7
15. Qf2 O-O-O 16. b4 Nxd3+ 17. Rxd3 Qd7 18. Nb3 Bg7 19. a4 bxa4 20. Nc5 Qc6 21.
N5xa4 Kb8 22. Qf7 Qd7 23. Qxd7 Rxd7 24. Kd2 Be5 25. g3 Rf7 26. Re1 Rc8 27. Nd1
Rc4 28. c3 Rxe4 29. Rxe4 Bxe4 30. Re3 Bd5 31. Nab2 Rf1 32. Re1 Rxe1 33. Kxe1
Kc7 34. Kd2 Bf6 35. Ne3 Be4 36. Nd3 Kc6 37. Nf4 e5 38. Nh5 Bd8 39. g4 d5 40.
Ng3 Bf3 41. h3 Bg5 42. Kd3 Kb5 43. Ngf5 Ka4 44. Nd6 Kb3 45. b5 axb5 46. Nxb5
Be4+ 47. Ke2 Bxe3 48. Kxe3 Bg2 49. Kd2 Bxh3 50. g5 Bf5 51. Nd6 Bg6 52. Nc8 Kc4
53. Nb6+ Kc5 54. Nd7+ Kd6 55. Nf6 Ke6 56. Ke3 h6 57. Ng4 hxg5 58. Nh2 Kf5 59.
Nf3 g4 60. Ng1 g3 61. Kf3 Bh5+ 62. Kxg3 Bg4 63. Nf3 Bxf3 64. Kxf3 e4+ 65. Ke3
Ke5 0-1

[Event "Velammal 45th National A ch-IND"]
[Site "Chennai IND"]
[Date "2008.02.15"]
[Round "13"]
[White "Ganguly, S."]
[Black "Negi, P."]
[Result "1/2-1/2"]
[WhiteElo "2579"]
[BlackElo "2526"]
[PlyCount "83"]
[EventDate "2008.02.03"]
[SourceDate "1999.07.01"]

1. e4 c5 2. Nf3 d6 3. d4 cxd4 4. Nxd4 Nf6 5. Nc3 a6 6. Be2 e5 7. Nb3 Be7 8. O-O
O-O 9. Be3 Be6 10. Nd5 Nbd7 11. Qd3 Bxd5 12. exd5 a5 13. c4 b6 14. Nd2 Nc5 15.
Qc2 Nfd7 16. Kh1 Bg5 17. Bxg5 Qxg5 18. b3 Rfe8 19. a3 e4 20. b4 axb4 21. axb4
Rxa1 22. Rxa1 e3 23. Nf3 Qf6 24. Ra7 Ne4 25. fxe3 Qh6 26. Ra3 Nf2+ 27. Kg1 Ng4
28. Qf5 Ndf6 29. Qg5 Qxg5 30. Nxg5 Nxe3 31. Ra7 Nexd5 32. cxd5 Rxe2 33. Nxf7
Nxd5 34. Nxd6 g6 35. Nf7 Ne3 36. Nh6+ Kf8 37. g4 Rg2+ 38. Kh1 Rb2 39. h3 Rxb4
40. Rf7+ Ke8 41. Rxh7 b5 42. Rg7 1/2-1/2

[Event "ch-AZE"]
[Site "Baku AZE"]
[Date "2008.01.21"]
[Round "2"]
[White "Guliyev, N."]
[Black "Ibrahimov, R."]
[Result "0-1"]
[WhiteElo "2570"]
[BlackElo "2527"]
[PlyCount "108"]
[EventDate "2008.01.19"]
[SourceDate "1999.07.01"]

1. e4 c5 2. Nf3 d6 3. d4 cxd4 4. Nxd4 Nf6 5. Nc3 a6 6. Bg5 e6 7. f4 Qb6 8. Qd2
Nc6 9. Bxf6 gxf6 10. Nb3 Bd7 11. O-O-O O-O-O 12. Be2 h5 13. Rhf1 Kb8 14. Kb1
Be7 15. Rf3 h4 16. a3 Rc8 17. Qe1 Rc7 18. Rh3 Na5 19. Na2 Nc4 20. Rd4 Rhc8 21.
Rc3 Bb5 22. f5 a5 23. Rd1 Nxa3+ 24. bxa3 Rxc3 25. Nxc3 Bxe2 26. Nxe2 a4 27. Qb4
Qxb4 28. axb4 axb3 29. c3 Rg8 30. g3 Rg4 31. Rd4 e5 32. Rd2 Rxe4 33. Kb2 Kc7
34. Kxb3 b5 35. gxh4 Rxh4 36. Ng3 Kc6 37. Nf1 d5 38. Ne3 d4 39. cxd4 exd4 40.
Rc2+ Kd6 41. Nf1 Rh3+ 42. Ng3 Kd5 43. Rg2 Bd6 44. Kc2 Bxg3 45. hxg3 Kc4 46. Kd2
Rh5 47. g4 Rh4 48. Kc1 Rh1+ 49. Kd2 Ra1 50. Rg3 Ra2+ 51. Kc1 d3 52. Kb1 Re2 53.
Rg1 d2 54. Kc2 Re1 0-1

[Event "4th Open A"]
[Site "Moscow RUS"]
[Date "2008.02.04"]
[Round "3"]
[White "Motylev, A."]
[Black "Maslak, K."]
[Result "1/2-1/2"]
[WhiteElo "2644"]
[BlackElo "2510"]
[PlyCount "63"]
[EventDate "2008.02.02"]
[SourceDate "1999.07.01"]

1. e4 c5 2. Nf3 d6 3. d4 cxd4 4. Nxd4 Nf6 5. Nc3 a6 6. Be3 Ng4 7. Bc1 Nf6 8. f3
e5 9. Nb3 Be6 10. Be3 Be7 11. Qd2 O-O 12. O-O-O Nbd7 13. g4 b5 14. g5 b4 15.
Ne2 Ne8 16. f4 a5 17. f5 Bxb3 18. cxb3 a4 19. bxa4 Rxa4 20. Kb1 Rxa2 21. Kxa2
Qa8+ 22. Kb3 Bxg5 23. Qd5 Qxd5+ 24. Rxd5 Bxe3 25. Bg2 Bc5 26. Ra1 Nef6 27. Rd2
g6 28. Ra6 Kg7 29. Ng3 Rb8 30. Rc6 Rb7 31. Bf3 Rb8 32. h4 1/2-1/2

[Event "4th Open A"]
[Site "Moscow RUS"]
[Date "2008.02.07"]
[Round "6"]
[White "Shomoev, A."]
[Black "Najer, E."]
[Result "1/2-1/2"]
[WhiteElo "2562"]
[BlackElo "2634"]
[PlyCount "92"]
[EventDate "2008.02.02"]
[SourceDate "1999.07.01"]

1. e4 c5 2. Nf3 d6 3. d4 cxd4 4. Nxd4 Nf6 5. Nc3 a6 6. Bg5 e6 7. f4 Nbd7 8. Bc4
b5 9. Bxe6 fxe6 10. Nxe6 Qa5 11. Qd4 Qb6 12. Bxf6 gxf6 13. Qd5 Qe3+ 14. Kf1 Nb6
15. Qh5+ Ke7 16. Re1 Qxe1+ 17. Kxe1 Bxe6 18. Nd5+ Nxd5 19. exd5 Bf7 20. Qf5 Bg7
21. Kd2 Rhc8 22. Re1+ Kf8 23. Qd7 Rd8 24. Qb7 f5 25. Re7 Bxd5 26. Qxd5 Kxe7 27.
Qxf5 h6 28. c3 d5 29. Qg6 Bf6 30. Qh7+ Ke6 31. g4 Rac8 32. Ke2 d4 33. cxd4 Rc4
34. f5+ Kd6 35. Qxh6 Ke7 36. g5 Bxd4 37. f6+ Kd6 38. Qh7 Re8+ 39. Kd3 Bxb2 40.
f7 Rd8 41. Ke2 Ke7 42. g6 Rc2+ 43. Kf3 Rc3+ 44. Ke2 Rc2+ 45. Kf3 Rc3+ 46. Ke2
Rc2+ 1/2-1/2

[Event "4th Open A"]
[Site "Moscow RUS"]
[Date "2008.02.08"]
[Round "7"]
[White "Timofeev, Arty"]
[Black "Efimenko, Z."]
[Result "1-0"]
[WhiteElo "2664"]
[BlackElo "2638"]
[PlyCount "85"]
[EventDate "2008.02.02"]
[SourceDate "1999.07.01"]

1. e4 c5 2. Nf3 d6 3. d4 cxd4 4. Nxd4 Nf6 5. Nc3 a6 6. Be3 e5 7. Nf3 Be7 8. Bc4
O-O 9. O-O Nc6 10. Re1 b5 11. Bf1 Rb8 12. Bg5 Ng4 13. Bc1 Qb6 14. Qd2 Nf6 15.
Nd5 Nxd5 16. exd5 Na5 17. a4 Nc4 18. Qb4 Qb7 19. a5 Bf6 20. Bg5 Bxg5 21. Nxg5
Qxd5 22. Red1 Qc6 23. b3 Bg4 24. bxc4 Bxd1 25. Rxd1 bxc4 26. Qxc4 Qxc4 27. Bxc4
Rb4 28. Bb3 h6 29. Nf3 Rc8 30. g3 Rc6 31. Nh4 Rd4 32. Ra1 Rb4 33. Nf5 Kf8 34.
Rd1 g6 35. Rxd6 Rxd6 36. Nxd6 f5 37. Bd5 Ke7 38. Nb7 Kd7 39. c4 Kc7 40. Nc5 Kd6
41. Nxa6 Ra4 42. Kf1 Rxa5 43. Bb7 1-0

[Event "4th Open A"]
[Site "Moscow RUS"]
[Date "2008.02.08"]
[Round "7"]
[White "Oleksienko, M."]
[Black "Shomoev, A."]
[Result "1/2-1/2"]
[WhiteElo "2590"]
[BlackElo "2562"]
[PlyCount "95"]
[EventDate "2008.02.02"]
[SourceDate "1999.07.01"]

1. e4 c5 2. Nf3 d6 3. d4 cxd4 4. Nxd4 Nf6 5. Nc3 a6 6. Be2 e6 7. O-O Be7 8. f4
O-O 9. Kh1 Qc7 10. a4 Nc6 11. Be3 Re8 12. Bf3 Bf8 13. Qd2 Rb8 14. Qf2 e5 15.
Nb3 exf4 16. Bxf4 Be6 17. Rad1 Ne5 18. Nd4 g6 19. Be2 Bg7 20. Qg3 Rbc8 21. Bg5
Nfd7 22. Nf5 gxf5 23. exf5 d5 24. f6 Nxf6 25. Bxf6 Ng6 26. Qf2 Bxf6 27. Qxf6
Qe7 28. Qf3 Rc5 29. Bd3 Qh4 30. Rde1 Re7 31. Bxg6 hxg6 32. Rxe6 Rxc3 33. Rxg6+
fxg6 34. bxc3 Re1 35. Qf7+ Kh8 36. a5 Rxf1+ 37. Qxf1 Qd8 38. Qa1 b6 39. c4+ d4
40. h3 Kh7 41. axb6 Qxb6 42. Qa4 Qb1+ 43. Kh2 Qb8+ 44. Kg1 Qe5 45. Qa3 a5 46.
c5 Qe1+ 47. Kh2 Qe5+ 48. Kh1 1/2-1/2

[Event "Bundesliga 2007-8"]
[Site "Zehlendorf GER"]
[Date "2008.02.09"]
[Round "8"]
[White "Sokolov, And1"]
[Black "Maksimenko, A."]
[Result "1/2-1/2"]
[WhiteElo "2594"]
[BlackElo "2517"]
[PlyCount "48"]
[EventDate "2008.02.09"]
[SourceDate "1999.07.01"]

1. e4 c5 2. Nf3 d6 3. d4 cxd4 4. Nxd4 Nf6 5. Nc3 a6 6. Be2 e5 7. Nb3 Be7 8. O-O
O-O 9. Re1 Be6 10. Bf3 Nbd7 11. a4 Qc7 12. a5 Nc5 13. Be3 Nxb3 14. cxb3 Rac8
15. b4 Qc4 16. Qd2 Bd7 17. Nd5 Nxd5 18. exd5 Qc2 19. Rac1 Qxd2 20. Bxd2 Rxc1
21. Rxc1 Rc8 22. Rc3 Rxc3 23. bxc3 Bb5 24. Be4 g6 1/2-1/2

[Event "Bundesliga 2007-8"]
[Site "Solingen GER"]
[Date "2008.02.10"]
[Round "9"]
[White "Stellwagen, D."]
[Black "Kotronias, V."]
[Result "1/2-1/2"]
[WhiteElo "2625"]
[BlackElo "2628"]
[PlyCount "85"]
[EventDate "2008.02.09"]
[SourceDate "1999.07.01"]

1. e4 c5 2. Nf3 d6 3. d4 cxd4 4. Nxd4 Nf6 5. Nc3 a6 6. Be2 e5 7. Nb3 Be7 8. Bg5
Nbd7 9. a4 b6 10. Bc4 Bb7 11. Qe2 O-O 12. O-O h6 13. Bxf6 Nxf6 14. Rfd1 Ra7 15.
Nd5 Bc6 16. Nxf6+ Bxf6 17. Nc1 Bg5 18. Na2 Bxa4 19. Nb4 Qd7 20. Bxa6 Bc6 21.
Bc4 Ra5 22. g3 Kh8 23. Qd3 Bb7 24. Bd5 Bxd5 25. Nxd5 Qa7 26. Rxa5 bxa5 27. Ra1
Qb7 28. b3 Bd8 29. Ne3 Bb6 30. Nc4 Bd4 31. c3 Bc5 32. Nxa5 Qa7 33. Qf1 f5 34.
b4 Bb6 35. Nc4 Bxf2+ 36. Kg2 Qc7 37. Nxd6 Qxd6 38. Qxf2 fxe4 39. Qe3 Qd3 40.
Re1 Rc8 41. Qxe4 Qxc3 42. Kh3 Rc4 43. Qxe5 1/2-1/2

[Event "Bundesliga 2007-8"]
[Site "Godesberg GER"]
[Date "2008.02.10"]
[Round "9"]
[White "Fedorchuk, S."]
[Black "Kempinski, R."]
[Result "0-1"]
[WhiteElo "2652"]
[BlackElo "2590"]
[PlyCount "80"]
[EventDate "2008.02.09"]
[SourceDate "1999.07.01"]

1. e4 c5 2. Nf3 d6 3. d4 cxd4 4. Nxd4 Nf6 5. Nc3 a6 6. Be2 e6 7. O-O Be7 8. f4
O-O 9. Be3 Nc6 10. Kh1 Qc7 11. a4 Re8 12. Bf3 Na5 13. g4 Bf8 14. g5 Nd7 15. Bg2
b6 16. Rf3 Bb7 17. Rh3 g6 18. Qg4 Bg7 19. Bg1 f5 20. exf5 gxf5 21. Qe2 Nf8 22.
Rf1 Rac8 23. Rd3 Bxg2+ 24. Qxg2 Ng6 25. h3 Nc6 26. Ndb5 axb5 27. Nxb5 Qb8 28.
Nxd6 Nb4 29. Rd2 Nh4 30. Qf2 Rcd8 31. Nxe8 Qa8+ 32. Kh2 Nf3+ 33. Qxf3 Rxd2+ 34.
Kh1 Qxe8 35. Bxb6 Qxa4 36. b3 Qa6 37. Be3 Rxc2 38. Rd1 Qc6 39. Rd8+ Kf7 40.
Qxc6 Rxc6 0-1

[Event "6th Gibtelecom Masters"]
[Site "Gibraltar ENG"]
[Date "2008.01.28"]
[Round "7"]
[White "Sulskis, S."]
[Black "Areshchenko, A."]
[Result "1/2-1/2"]
[WhiteElo "2553"]
[BlackElo "2645"]
[PlyCount "118"]
[EventDate "2008.01.22"]
[SourceDate "1999.07.01"]

1. e4 c5 2. Nf3 d6 3. d4 cxd4 4. Nxd4 Nf6 5. Nc3 a6 6. Bg5 e6 7. f4 Qb6 8. Qd2
Qxb2 9. Rb1 Qa3 10. f5 Nc6 11. fxe6 fxe6 12. Bc4 Nxd4 13. Qxd4 Be7 14. O-O O-O
15. Kh1 Kh8 16. Rf3 Qa5 17. e5 Qxe5 18. Qh4 h6 19. Rg3 Ng8 20. Bxe7 Rf4 21.
Bxd6 Qxd6 22. Rg4 Rxg4 23. Qxg4 Nf6 24. Qf3 Bd7 25. Ne4 Nxe4 26. Qxe4 Bc6 27.
Qg6 Be8 28. Qe4 Bb5 29. Qxb7 Rb8 30. Qa7 Rc8 31. Bxb5 axb5 32. Qb7 Qc5 33. h3
Qxc2 34. Qxb5 Qxa2 35. Re1 Qd5 36. Qe2 Re8 37. Rd1 Qg5 38. Qe4 e5 39. Kh2 Qf6
40. Rd5 g5 41. Kg1 Kg7 42. Rc5 Qb6 43. Qe3 Re6 44. Kh1 e4 45. Qc3+ Kg6 46. Qc4
Qd6 47. Rd5 Qe7 48. Qc2 Qf6 49. Rd1 Kg7 50. Rd7+ Kg6 51. Kg1 Qa1+ 52. Rd1 Qe5
53. Qc4 e3 54. Rd5 Qf6 55. Qc2+ Kg7 56. Rd7+ Re7 57. Qc7 Qf2+ 58. Kh2 Rxd7 59.
Qxd7+ Kf6 1/2-1/2